000 00288nam a2200133Ia 4500
100 _aPandya & Shah
942 _cBK
654 _aMachine Design
245 _aElements of Machine Design
260 _bCharotar book stall
_aAnand
082 _a621.8
300 _a716
546 _aENGLISH
999 _c29867
_d29867